| 000 | 01183cam a22003137a 4500 | ||
|---|---|---|---|
| 999 |
_c330079 _d330079 |
||
| 001 | 11870603 | ||
| 003 | NUST | ||
| 005 | 20170623092404.0 | ||
| 007 | hduafb---bacp | ||
| 007 | hdubfb---baap | ||
| 008 | 990618s1944 ii a 000 0 urd | ||
| 010 | _a 99942706 | ||
| 025 | _aNBIL-51296 | ||
| 035 | _a(DLC) 99942706 | ||
| 040 |
_aDLC _cDLC _dDLC |
||
| 042 | _alcode | ||
| 082 |
_a891.4391 _bABA |
||
| 100 | 0 |
_aJosh Malīḥābādī, _d1898-1982. _92124 |
|
| 245 | 1 | 0 |
_aʻArsh o farsh _cJosh Malīḥābādī. |
| 260 |
_aKarachi : _bAlbilal book center, _c2010. |
||
| 300 |
_a192 p. ; _c22 cm. |
||
| 500 | _aPoems. | ||
| 546 | _aIn Urdu. | ||
| 650 |
_aUrdu Literature- Poems _91989 |
||
| 880 |
_aجوش ملیح آبادی _6100-01\(3\r |
||
| 880 |
_aعرش و فرش: _6245-02\(3r _bاز زمیں تا بہ آسماں سخن است _cجوش ملیح آبادی |
||
| 880 |
_aکراچی: _6260-03\(3\r _bالبلال بک سینٹر، _c2010. |
||
| 906 |
_a7 _bcbc _corigode _d5 _encip _f19 _gy-genmicro |
||
| 942 |
_2ddc _cBK |
||